00643nam a2200193Ia 450000500170000000800410001702000150005808200130007324500900008626000340017630000210021065000240023165000260025570000240028170000280030594200060033395200950033999900150043420240829023819.0240331s9999 xx 000 0 und d a0416387004 bFEMa800 0aFeminist criticism and social change :bsex, class and race in literature and culture aNew YorkbMethuen Inc,c1985 axxxix, 291 p .,  aAmerican Literature aHistory and criticism aNewton, Juditheedt aRosenfelt, Deboraheedt cL 001040708LaWERCLbWERCLcSSCd2024-03-31l0o 800 FEMp2128r2024-03-31w2024-03-31yL c3097d3097